Dificultades del lenguaje, colaboración e inclusión educativa: manual para logopedas, psicopedagogos y profesores.

Detalles Bibliográficos
Formato: Libro
Lenguaje:inglés

MARC

LEADER 00000cam a2200000 a 4500
001 000006
003 UAHC_CL
005 20170803115611.0
008 151215b xx j 000 1 eng
040 |a UAHC_CL  |c UAHC_CL  |d UAHC_CL 
245 1 0 |a Dificultades del lenguaje, colaboración e inclusión educativa: manual para logopedas, psicopedagogos y profesores. 
942 |c BK 
952 |0 0  |1 0  |4 0  |7 0  |8 General  |9 12  |a BC  |b BC  |c General  |d 2017-08-03  |l 0  |p 1301107  |r 2022-03-04 00:00:00  |t 1  |w 2017-08-03  |y BK 
999 |c 6  |d 6